000 00253nam a22001097a 4500
008 131127t xxu||||| |||| 00| 0 eng d
040 _aASAB
_cASAB
245 _aModern Nuclear chemistry
300 _a340
700 _qWalter loveland
_9300
942 _2ddc
_cBK
999 _c16565
_d16565